| 000 | 00915cam a2200277 4500 | ||
|---|---|---|---|
| 001 | 3156153 | ||
| 005 | 20200421093820.0 | ||
| 008 | 740822s1973 enka 000 1 eng | ||
| 010 | _a 74177196 | ||
| 015 | _aGB*** | ||
| 020 | _a0246106123 | ||
| 040 |
_aDLC _cDLC _dDLC |
||
| 050 | 0 | 0 |
_aPZ3.O589 _bPo _aPB1399.O59 |
| 082 | 0 | 0 | _a891.6/2/34 |
| 100 |
_aO'Brien, Flann, _d1911-1966. _91528 |
||
| 240 | 1 | 0 |
_aBéal boċt. _lEnglish |
| 245 | 1 | 4 |
_aThe poor mouth (An béal bocht); _ba bad story about the hard life. _cEdited by Myles na Gopaleen (Flann O'Brien). Translated by Patrick C. Power and illustrated by Ralph Steadman. |
| 260 |
_aLondon, _bHart-Davis, MacGibbon _c[1973] |
||
| 300 |
_a128 p. _billus. _c24 cm. |
||
| 350 | _a£2.75 | ||
| 650 | 0 |
_aPoor _xFiction. _9273 |
|
| 651 | 0 |
_aIreland _xFiction. |
|
| 655 | 7 |
_aSatire. _2lcsh _9274 |
|
| 906 |
_a7 _bcbc _corignew _d2 _encip _f19 _gy-gencatlg |
||
| 942 |
_2ddc _cBK |
||
| 999 |
_c152 _d152 |
||